Kigoda cha simanzi na hadithi nyingine / (Record no. 9316)
[ view plain ]
| 000 -LEADER | |
|---|---|
| fixed length control field | 00387cam a22001337i 4500 |
| 005 - DATE AND TIME OF LATEST TRANSACTION | |
| control field | 20250901165807.0 |
| 008 - FIXED-LENGTH DATA ELEMENTS--GENERAL INFORMATION | |
| fixed length control field | 160922s2016 ke a 000 1 swa |
| 010 ## - LIBRARY OF CONGRESS CONTROL NUMBER | |
| LC control number | 2015333825 |
| 020 ## - INTERNATIONAL STANDARD BOOK NUMBER | |
| International Standard Book Number | 9789966510723 |
| 050 00 - LIBRARY OF CONGRESS CALL NUMBER | |
| Classification number | PL 8704 .M36 2016 |
| 245 00 - TITLE STATEMENT | |
| Title | Kigoda cha simanzi na hadithi nyingine / |
| Statement of responsibility, etc. | Jeff Mandila (Mhariri). |
| 300 ## - PHYSICAL DESCRIPTION | |
| Extent | vi, 188 pages : |
| Other physical details | illustrations ; |
| Dimensions | 21 cm. |
| 942 ## - ADDED ENTRY ELEMENTS (KOHA) | |
| Source of classification or shelving scheme | Library of Congress Classification |
| Withdrawn status | Lost status | Source of classification or shelving scheme | Damaged status | Not for loan | Collection | Home library | Current library | Shelving location | Date acquired | Source of acquisition | Total checkouts | Total renewals | Full call number | Barcode | Date last seen | Date last checked out | Copy number | Price effective from | Koha item type |
|---|---|---|---|---|---|---|---|---|---|---|---|---|---|---|---|---|---|---|---|
| Library of Congress Classification | Main Library | Main Library | 03/20/2025 | Donation from KICD | 1 | 1 | PL 8704 .M36 2016 | PIUD0000179 | 03/27/2025 | 03/27/2025 | 1 | 03/20/2025 | Books | ||||||
| Library of Congress Classification | Main Library | Main Library | 03/20/2025 | Donation from KICD | PL 8704 .M36 2016 | PIUD0000180 | 03/20/2025 | 2 | 03/20/2025 | Books |